| 000 | 00415nam a2200145Ia 4500 | ||
|---|---|---|---|
| 008 | 200103s9999||||xx |||||||||||||| ||und|| | ||
| 020 | _a8186270019 | ||
| 040 | _aIMU-MPC | ||
| 082 | _aColumn-57 | ||
| 100 | _aBanwait, S. S. and Laroiya, S. C. | ||
| 245 | 0 | _aProperties of Refrigerant and Psychrometric: Tables and Charts in S. I. Units | |
| 260 |
_bBirla Publications, Delhi _c2003 |
||
| 300 | _a64 | ||
| 942 | _cBK | ||
| 999 |
_c10696 _d10696 |
||